|
|
|
|
| LEADER |
00804cam a2200217 7i4500 |
| 001 |
0000043036 |
| 005 |
20170218090000.0 |
| 020 |
|
|
|a 9781849807470 (hbk.)
|
| 020 |
|
|
|a 1849807477 (hbk.)
|
| 090 |
0 |
0 |
|a HB615
|b .E39 2011
|
| 245 |
0 |
0 |
|a Entrepreneurship and technological change
|c edited by Lucio Cassia, Tommaso Minola, Stefano Paleari.
|
| 260 |
|
|
|a Cheltenham, UK:
|b Edward Elgar,
|c 2011.
|
| 300 |
|
|
|a xxviii, 321 p.:
|b ill.;
|c 24 cm.
|
| 650 |
0 |
0 |
|a Entrepreneurship
|
| 650 |
0 |
0 |
|a Entrepreneurship --
|x Technological innovations
|
| 700 |
1 |
|
|a Paleari, Stefano
|
| 700 |
1 |
|
|a Cassia, Lucio
|
| 700 |
1 |
|
|a Minola, Tommaso
|
| 997 |
|
|
|a Centre for Graduate Studies
|
| 997 |
|
|
|a Communication, Visual Art & Computing, Faculty
|b Computing, Department
|
| 999 |
|
|
|a 0000052130
|b BOK
|c OPEN SHELF
|e 1st Floor, Bestari Jaya
|